[Event "BI-2012-P-00002"]
[Site "LSS email"]
[Date "2012.04.20"]
[Round "?"]
[White "Oezdemir, Galip"]
[Black "Lombardi, Donato"]
[Result "0-1"]
[WhiteElo "1279"]
[BlackElo "804"]
[PlyCount "47"]
[EventDate "2012.04.22"]
[EventType "tourn (corr)"]
[EventRounds "10"]
[EventCountry "GER"]
[SourceTitle "Telechess CBM 153"]
[Source "ChessBase"]
[SourceDate "2013.03.14"]
[SourceVersion "1"]
[SourceVersionDate "2013.03.14"]
[SourceQuality "1"]

1. e4 e6 2. d4 d5 3. exd5 exd5 4. c4 Nf6 5. Nc3 Bb4 6. Nf3 c6 7. Bd3 dxc4 8. Bxc4 0-0 9. 0-0 Bg4 10. Qb3 Bxc3 11. bxc3 Bxf3 12. Qxb7 Bxg2 13. Qxa8 Bxf1 14. Bxf1 Qd5 15. Qxa7 Nbd7 16. Bg2 Qc4 17. Bd2 c5 18. Be3 cxd4 19. Qxd4 Qxd4 20. Bxd4 Rd8 21. a4 h6 22. a5 Nb8 23. a6 Nd5 24. a7 0-1

[Event "BI-2012-P-00002"]
[Site "LSS email"]
[Date "2012.04.20"]
[Round "?"]
[White "Oezdemir, Galip"]
[Black "Torfs, Gert"]
[Result "0-1"]
[WhiteElo "1279"]
[BlackElo "838"]
[PlyCount "39"]
[EventDate "2012.04.22"]
[EventType "tourn (corr)"]
[EventRounds "10"]
[EventCountry "GER"]
[SourceTitle "Telechess CBM 153"]
[Source "ChessBase"]
[SourceDate "2013.03.14"]
[SourceVersion "1"]
[SourceVersionDate "2013.03.14"]
[SourceQuality "1"]

1. e4 e5 2. f4 d6 3. Nf3 Be7 4. fxe5 dxe5 5. Nxe5 Qd4 6. Nf3 Qxe4+ 7. Be2 Nf6 8. Nc3 Qg6 9. d4 Qxg2 10. Rg1 Qh3 11. Rg3 Qe6 12. Rxg7 Ne4 13. Qd3 Nxc3 14. Qxc3 Qd6 15. Bg5 Bxg5 16. Nxg5 Qxh2 17. Qe3+ Be6 18. Rxf7 Qh1+ 19. Kd2 Qc6 20. Qe5 0-1

[Event "OP-2012-0-02120"]
[Site "LSS email"]
[Date "2012.03.31"]
[Round "?"]
[White "Ermolaev, Maksim Andreevich"]
[Black "Oezdemir, Galip"]
[Result "1-0"]
[WhiteElo "2049"]
[BlackElo "1279"]
[PlyCount "75"]
[EventDate "2012.03.20"]
[EventType "tourn (corr)"]
[EventRounds "4"]
[EventCountry "GER"]
[SourceTitle "Telechess CBM 153"]
[Source "ChessBase"]
[SourceDate "2013.03.14"]
[SourceVersion "1"]
[SourceVersionDate "2013.03.14"]
[SourceQuality "1"]

1. e4 e5 2. Nf3 Nf6 3. Nxe5 d6 4. Nf3 Nxe4 5. d4 d5 6. Bd3 Nc6 7. 0-0 Be7 8. c4 Nb4 9. Be2 0-0 10. a3 Nc6 11. Nc3 Nxc3 12. bxc3 Bf5 13. Re1 Re8 14. Bf4 dxc4 15. Bxc4 Bd6 16. Qd2 Qd7 17. Nh4 Be6 18. Bxe6 Rxe6 19. Rxe6 Qxe6 20. Bxd6 Qxd6 21. Qg5 h6 22. Qg4 Re8 23. Nf5 Qg6 24. Qxg6 fxg6 25. Ne3 Kf7 26. Kf1 Ne7 27. a4 b6 28. Ke2 Nd5 29. Kd2 Rd8 30. Ng4 c5 31. c4 Nf4 32. Ne5+ Kf6 33. Nc6 Rd7 34. g3 Ne6 35. d5 Nd8 36. Re1 Nxc6 37. Re6+ Kf7 38. Rxc6 1-0

[Event "OP-2012-0-02074"]
[Site "LSS email"]
[Date "2012.02.21"]
[Round "?"]
[White "Guaimare Rodriguez, Carlos Luis"]
[Black "Oezdemir, Galip"]
[Result "0-1"]
[WhiteElo "1125"]
[BlackElo "1359"]
[PlyCount "42"]
[EventDate "2012.02.17"]
[EventType "tourn (corr)"]
[EventRounds "4"]
[EventCountry "GER"]
[SourceTitle "Corr 2015"]
[Source "ChessBase"]
[SourceDate "2015.07.17"]
[SourceVersion "1"]
[SourceVersionDate "2015.07.17"]
[SourceQuality "1"]

1. e4 e5 2. Nf3 Nc6 3. Bb5 a6 4. Ba4 Nf6 5. 0-0 b5 6. Bb3 Bc5 7. d3 d6 8. c3 h6 9. Re1 0-0 10. Nbd2 Bb6 11. Nf1 Bg4 12. h3 Be6 13. Bc2 d5 14. exd5 Qxd5 15. Bb3 Qd6 16. Bc2 Nd5 17. Ng3 f5 18. Nh4 e4 19. d4 Nce7 20. a4 c6 21. Nf1 g5 0-1

[Event "OP-2012-0-02034"]
[Site "LSS email"]
[Date "2012.01.29"]
[Round "?"]
[White "Rivas Maceda, Juan Jorge"]
[Black "Oezdemir, Galip"]
[Result "1/2-1/2"]
[WhiteElo "1953"]
[BlackElo "1329"]
[PlyCount "138"]
[EventDate "2012.01.27"]
[EventType "tourn (corr)"]
[EventRounds "4"]
[EventCountry "GER"]
[SourceTitle "Telechess CBM 155"]
[Source "ChessBase"]
[SourceDate "2013.07.16"]
[SourceVersion "1"]
[SourceVersionDate "2013.07.16"]
[SourceQuality "1"]

1. e4 e5 2. Nf3 Nc6 3. Bb5 a6 4. Ba4 Nf6 5. Qe2 b5 6. Bb3 Bc5 7. c3 0-0 8. d3 d6 9. Bg5 h6 10. Bh4 Qe7 11. Nbd2 Bd7 12. Nf1 Na5 13. Bc2 b4 14. Ne3 Bxe3 15. Qxe3 Rab8 16. 0-0 g5 17. Bg3 bxc3 18. bxc3 Nh5 19. Rab1 Nxg3 20. hxg3 c5 21. Nd2 Rb5 22. f4 Rfb8 23. Bb3 Be6 24. Bxe6 Rxb1 25. Bxf7+ Qxf7 26. Nxb1 exf4 27. gxf4 gxf4 28. Qe2 Nc6 29. Nd2 Kh7 30. Nc4 Ne5 31. Qd2 Qf6 32. Rxf4 Rb1+ 33. Kh2 Nxc4 34. dxc4 Rb2 35. Rxf6 Rxd2 36. e5 dxe5 37. Rxa6 Kg7 38. a4 Ra2 39. a5 Ra4 40. Ra7+ Kf6 41. a6 Kf5 42. Ra8 Ke4 43. a7 Ra3 44. g3 Ke3 45. Re8 Rxa7 46. Rxe5+ Kd3 47. Rxc5 Ra6 48. Kh3 Kxc3 49. Rc8 Kd4 50. Kh4 Ra2 51. Rc6 Rh2+ 52. Kg4 h5+ 53. Kf3 h4 54. g4 Ke5 55. Rc5+ Kd6 56. Rh5 Rc2 57. c5+ Kd7 58. Kf4 Ke6 59. Kg5 Rxc5+ 60. Kxh4 Rc4 61. Kg5 Ke7 62. Kf5 Rb4 63. g5 Rb5+ 64. Kg6 Rb6+ 65. Kg7 Rb5 66. Kh7 Rc5 67. Kh6 Kf8 68. g6 Rxh5+ 69. Kxh5 Kg8 1/2-1/2

[Event "IECG QF.2001.0.00009"]
[Site "IECG email"]
[Date "2001.11.22"]
[Round "?"]
[White "Pomeroy, Raymond"]
[Black "Oezdemir, Galip"]
[Result "0-1"]
[WhiteElo "1000"]
[BlackElo "1067"]
[PlyCount "62"]
[EventDate "2001.11.22"]
[EventType "tourn (corr)"]
[EventRounds "6"]
[SourceTitle "Corr 2008"]
[Source "ChessBase"]
[SourceDate "2008.06.24"]
[SourceVersion "1"]
[SourceVersionDate "2008.06.24"]
[SourceQuality "1"]

1. d4 d5 2. c4 c6 3. Nf3 Nf6 4. Nc3 e6 5. e3 Nbd7 6. Bd3 dxc4 7. Bxc4 b5 8. Bd3 Bb7 9. e4 b4 10. Na4 Qa5 11. e5 Nd5 12. 0-0 c5 13. dxc5 Rd8 14. Qc2 Nxc5 15. Nxc5 Bxc5 16. Rd1 Rd7 17. Qe2 0-0 18. Ng5 h6 19. Ne4 Be7 20. Qg4 Qc7 21. Qg3 f5 22. Bxh6 Bh4 23. Qxh4 fxe4 24. Bb5 Rdf7 25. Qg3 Qc5 26. Bf1 Qxf2+ 27. Qxf2 Rxf2 28. Bc1 R8f5 29. g4 Rf8 30. Re1 a5 31. Bg2 e3 0-1

[Event "IECG QN.2001.0.00171"]
[Site "IECG email"]
[Date "2001.03.19"]
[Round "?"]
[White "Daniel, Anthony"]
[Black "Oezdemir, Galip"]
[Result "0-1"]
[WhiteElo "800"]
[BlackElo "978"]
[PlyCount "48"]
[EventDate "2001.03.19"]
[EventType "tourn (corr)"]
[EventRounds "6"]
[SourceTitle "Corr 2008"]
[Source "ChessBase"]
[SourceDate "2008.06.24"]
[SourceVersion "1"]
[SourceVersionDate "2008.06.24"]
[SourceQuality "1"]

1. d4 d5 2. Nf3 Nf6 3. e3 e6 4. Bd3 c5 5. b3 Nc6 6. 0-0 Bd6 7. Bb2 0-0 8. Nbd2 Qe7 9. Ne5 cxd4 10. exd4 Qc7 11. Re1 Nb4 12. a3 Nxd3 13. cxd3 Qe7 14. f4 b5 15. Ndf3 Nh5 16. f5 f6 17. Ng4 Qf7 18. fxe6 Bxe6 19. Ne3 Nf4 20. Nh4 Rae8 21. Nef5 Bxf5 22. Nxf5 Qg6 23. Nh4 Rxe1+ 24. Qxe1 Qg4 0-1

[Event "IECG QN.2001.0.00171"]
[Site "IECG email"]
[Date "2001.03.19"]
[Round "?"]
[White "Oezdemir, Galip"]
[Black "Daniel, Anthony"]
[Result "1-0"]
[WhiteElo "978"]
[BlackElo "800"]
[PlyCount "41"]
[EventDate "2001.03.19"]
[EventType "tourn (corr)"]
[EventRounds "6"]
[SourceTitle "Corr 2008"]
[Source "ChessBase"]
[SourceDate "2008.06.24"]
[SourceVersion "1"]
[SourceVersionDate "2008.06.24"]
[SourceQuality "1"]

1. e4 e5 2. Nf3 f5 3. Nxe5 Qf6 4. d4 d6 5. Nc4 fxe4 6. Nc3 Qg6 7. Ne3 c6 8. d5 Nf6 9. Be2 Be7 10. 0-0 0-0 11. f3 exf3 12. Rxf3 Re8 13. Bc4 c5 14. Bd3 Qh5 15. Nb5 Na6 16. Bd2 Ng4 17. Rh3 Qg5 18. Bxh7+ Kf8 19. Nf5 Qf6 20. Qxg4 Qxb2 21. Bc3 1-0

[Event "IECG TE.2000.P.00414 email"]
[Site "IECG email"]
[Date "2000.07.15"]
[Round "?"]
[White "Wood, Brian B"]
[Black "Oezdemir, Galip"]
[Result "1/2-1/2"]
[WhiteElo "779"]
[BlackElo "926"]
[PlyCount "51"]
[EventDate "2000.07.15"]
[EventType "tourn (corr)"]
[EventRounds "8"]
[SourceTitle "Corr 2008"]
[Source "ChessBase"]
[SourceDate "2008.06.24"]
[SourceVersion "1"]
[SourceVersionDate "2008.06.24"]
[SourceQuality "1"]

1. e4 e5 2. Nf3 Nc6 3. Bc4 Nf6 4. Ng5 Bc5 5. Nxf7 Bxf2+ 6. Kxf2 Nxe4+ 7. Kg1 Qh4 8. g3 Nxg3 9. Nxh8 d5 10. Bxd5 Nxh1 11. Kxh1 Bg4 12. Qf1 0-0-0 13. Bxc6 bxc6 14. Nf7 Bh3 15. Qa6+ Kb8 16. Qe2 Rf8 17. d3 Rxf7 18. Nd2 Rf2 19. Qe3 Be6 20. Qg3 Bd5+ 21. Kg1 Rg2+ 22. Qxg2 Bxg2 23. Kxg2 Qg4+ 24. Kf2 Qh4+ 25. Kg2 Qg4+ 26. Kf2 1/2-1/2

[Event "IECG QN.1999.0.00074"]
[Site "IECG email"]
[Date "1999.08.28"]
[Round "?"]
[White "Oezdemir, Galip"]
[Black "Bunyan, Karl"]
[Result "1-0"]
[WhiteElo "800"]
[BlackElo "800"]
[PlyCount "87"]
[EventDate "1999.08.28"]
[EventType "tourn (corr)"]
[EventRounds "6"]
[SourceTitle "Corr 2008"]
[Source "ChessBase"]
[SourceDate "2008.06.24"]
[SourceVersion "1"]
[SourceVersionDate "2008.06.24"]
[SourceQuality "1"]

1. d4 Nf6 2. c4 c5 3. d5 b5 4. cxb5 a6 5. bxa6 Bxa6 6. Nc3 g6 7. Nf3 d6 8. e4 Bxf1 9. Kxf1 Bg7 10. g3 0-0 11. Kg2 Nbd7 12. Re1 Qb6 13. h3 Rfb8 14. Re2 Rb7 15. Bg5 Qa6 16. Rc2 Rab8 17. Qd2 Nb6 18. Qe2 Qc4 19. Qxc4 Nxc4 20. b3 Na3 21. Re2 Nxe4 22. Rxe4 Bxc3 23. Rc1 Bf6 24. Bxf6 exf6 25. Ra4 Nb5 26. Nd2 Nc7 27. Ne4 Nxd5 28. Nxd6 Rc7 29. Ne4 Rbc8 30. Rac4 f5 31. Nxc5 f4 32. Nd3 fxg3 33. Rxc7 Rxc7 34. Rxc7 Nxc7 35. fxg3 Kf8 36. a4 Ke7 37. Kf3 Kd6 38. Ke4 Ne6 39. Ke3 Nc5 40. Nxc5 Kxc5 41. a5 Kb5 42. b4 f5 43. Kf4 Ka6 44. Kg5 1-0

[Event "IECG QN.1999.0.00074"]
[Site "IECG email"]
[Date "1999.08.28"]
[Round "?"]
[White "Oezdemir, Galip"]
[Black "Poblete, Litos"]
[Result "1-0"]
[WhiteElo "800"]
[BlackElo "800"]
[PlyCount "107"]
[EventDate "1999.08.28"]
[EventType "tourn (corr)"]
[EventRounds "6"]
[SourceTitle "Corr 2008"]
[Source "ChessBase"]
[SourceDate "2008.06.24"]
[SourceVersion "1"]
[SourceVersionDate "2008.06.24"]
[SourceQuality "1"]

1. e4 c6 2. d4 d5 3. Nc3 dxe4 4. Nxe4 Bf5 5. Ng3 Bg6 6. Nf3 Nd7 7. h4 h6 8. Bd3 Bxd3 9. Qxd3 Qc7 10. Bd2 Ngf6 11. 0-0-0 e6 12. Ne4 Nxe4 13. Qxe4 Bd6 14. Qe2 0-0-0 15. Kb1 Nf6 16. Rhe1 Nd5 17. c4 Nf6 18. Ne5 Rhf8 19. g4 Nd7 20. Nd3 Be7 21. h5 Nb6 22. Bf4 Qd7 23. Qe5 Bd6 24. Qxd6 Qxd6 25. Bxd6 Rxd6 26. c5 Rxd4 27. cxb6 axb6 28. Ne5 Rd5 29. f4 Kc7 30. Kc2 f6 31. Rxd5 cxd5 32. Nf3 Kd7 33. Kb3 Re8 34. Nd4 e5 35. fxe5 fxe5 36. Nf5 e4 37. Kc3 Rg8 38. Kd4 Ke6 39. Ne3 g6 40. Nxd5 gxh5 41. Rxe4+ Kd6 42. gxh5 Rg5 43. Nf4 Rb5 44. Re6+ Kd7 45. Rxh6 Rxb2 46. a4 Rb4+ 47. Ke5 Rxa4 48. Rxb6 Ra5+ 49. Nd5 Ke8 50. Rxb7 Kf8 51. h6 Kg8 52. Rd7 Kh8 53. Kf5 Kg8 54. Kg6 1-0